000 00375nam a2200145Ia 4500
008 230917s9999||||xx |||||||||||||| ||und||
040 _e46551
_aMAIN
041 _aEnglish
082 _a821.8 Y34S:V
100 _aStallworthy, Jon
245 0 _aVision and revision : in Yeats's last poem
260 _aOxford
_bClarendon Press
_c1969
300 _aix, 181 p.
942 _cBK
999 _c187167
_d187167